[Event "DSOL 07 Liga Gr-C 1st"]
[Site "Playchess.com INT"]
[Date "2020.07.29"]
[Round "6.3"]
[White "Schwan, Aaron"]
[Black "Pusch, Rainer"]
[Result "1-0"]
[WhiteElo "1480"]
[BlackElo "1254"]
[PlyCount "61"]
[EventDate "2020.06.22"]
[EventType "team-tourn (rapid)"]
[EventCountry "GER"]
[SourceTitle "EXT 2021"]
[Source "ChessBase"]
[SourceDate "2020.10.23"]
[SourceVersion "1"]
[SourceVersionDate "2020.10.23"]
[SourceQuality "1"]
[WhiteTeam "Kelheim II"]
[BlackTeam "Seelscheid"]
[WhiteTeamCountry "GER"]
[BlackTeamCountry "GER"]

1. e4 c5 2. Nf3 e6 3. d4 cxd4 4. Nxd4 Nc6 5. Nxc6 bxc6 6. Nc3 d6 7. b3 Be7 8. Bb2 Bb7 9. Bd3 e5 10. 0-0 Nf6 11. Ne2 0-0 12. f4 Ng4 13. Qe1 Bc8 14. h3 Nf6 15. fxe5 dxe5 16. Bxe5 Bc5+ 17. Kh1 Be7 18. Nf4 c5 19. Qg3 g6 20. Rad1 Qb6 21. Qg5 Re8 22. Qg3 Bd8 23. Nd5 Nxd5 24. exd5 Re7 25. Bc4 Bb7 26. Qf4 f5 27. d6+ Rf7 28. Qh6 Bxg2+ 29. Kxg2 Qb7+ 30. Kh2 Qe4 31. Qg7# 1-0